| 000 | 00356nam a22001577a 4500 | ||
|---|---|---|---|
| 003 | SGT | ||
| 020 | _a978-93-7473-693-7 | ||
| 082 |
_a615.19658 _bSIN |
||
| 100 | _aSINGH, ISHA | ||
| 245 | _aPHARMACEUTICAL MARKETING MANAGEMENT | ||
| 250 | _a2ND | ||
| 260 |
_aINDIA _bAITBS PUB. _c2025 |
||
| 300 | _a320 | ||
| 650 | _aPHARMACEUTICAL | ||
| 942 |
_2ddc _cBK |
||
| 999 |
_c32914 _d32914 |
||